Japonské strategické myšlení. 1.
Úloha kreativity, intuitívneho myslenia, logiky a racionality v japonskom strategickom myslení. Vzťah mladých "samurajov" a starších manažérov. Analýza ako východisko strategického myslenia. Rozdiel medzi strategickým, intuitívnym a mechanickým myslením. Analýza jadra problému, vypracovanie realizač...
Salvato in:
| Natura: | Capitolo di libro |
|---|---|
| Lingua: | ceco |
| Soggetti: | |
| Tags: |
Nessun Tag, puoi essere il primo ad aggiungerne!!
|
MARC
| LEADER | 00000naa a2200000 4500 | ||
|---|---|---|---|
| 001 | r010035 | ||
| 005 | 20220831090643.4 | ||
| 041 | 0 | |a cze | |
| 044 | |a [CS] | ||
| 245 | 1 | 0 | |a Japonské strategické myšlení. 1. |
| 520 | |a Úloha kreativity, intuitívneho myslenia, logiky a racionality v japonskom strategickom myslení. Vzťah mladých "samurajov" a starších manažérov. Analýza ako východisko strategického myslenia. Rozdiel medzi strategickým, intuitívnym a mechanickým myslením. Analýza jadra problému, vypracovanie realizačných programov a plánov. Stupne strategického myslenia. Problémový a ziskový diagram. | ||
| 610 | 2 | 0 | |a plánovanie strategické |
| 610 | 2 | 0 | |a Japonsko |
| 610 | 2 | 0 | |a manažment |
| 610 | 2 | 0 | |a podnikanie |
| 610 | 2 | 0 | |a stratégia podniková |
| 610 | 2 | 0 | |a analýza hodnotová |
| 610 | 2 | 0 | |a myslenie ekonomické |
| 610 | 2 | 0 | |a pracovníci riadiaci |